000 00975nam a22002417a 4500
003 NALT
005 20210329125913.0
008 s2552 th tha d
020 _a9786117058110
040 _aNALT
041 _atha
050 _aHG 187
_bก284ย 2552
100 0 _aกฤษดา แพทย์หลวง
_951229
245 1 0 _aยาแก้พิษ วิกฤติแฮมเบอร์เกอร์ /
_cกฤษดา แพทย์หลวง.
260 _aกรุงเทพฯ :
_bฐานการพิมพ์,
_c2552
300 _a147 หน้า ;
_b
_c23 ซม.
650 4 _aวิกฤตการณ์การเงิน
_99920
_zไทย
650 4 _aปัญหาเศรษฐกิจ
_951230
_zไทย
651 0 _93477
_aไทย
_xภาวะเศรษฐกิจ
850 _aNALT
942 _cGB
_2lcc
998 _bอรุณทิพย์ จันทร์ดิษฐ์
_c103
_j109
_k อารีรัตน์ วิชาช่าง
999 _c58216
_d58216